[Event "IND-ch 59th"]
[Site "New Delhi"]
[Date "2022.12.28"]
[Round "7"]
[White "Bapat, Aniket"]
[Black "Peter Anand, A."]
[Result "1-0"]
[WhiteElo "1720"]
[BlackElo "1916"]
[PlyCount "77"]
[EventDate "2022.12.22"]
[EventType "swiss"]
[EventRounds "13"]
[EventCountry "IND"]
[SourceTitle "CBM 211 Extra"]
[Source "ChessBase"]
[SourceDate "2023.01.31"]
[SourceVersion "1"]
[SourceVersionDate "2023.01.31"]
[SourceQuality "1"]

1. e4 c6 2. d4 d5 3. e5 Bf5 4. Nc3 e6 5. g4 Bg6 6. Nge2 c5 7. h4 h6 8. f4 Be7 9. Bg2 Nc6 10. h5 Bh7 11. Be3 Qb6 12. Na4 Qa5+ 13. c3 c4 14. b4 Qd8 15. 0-0 f5 16. gxf5 Bxf5 17. Ng3 Bd3 18. Qg4 Bh4 19. Nc5 Bxg3 20. Qxg3 Qe7 21. Nxd3 cxd3 22. f5 exf5 23. Rxf5 0-0-0 24. Raf1 Qc7 25. Rf7 Nge7 26. Rxg7 Rdg8 27. Bxd5 Rxg7 28. Qxg7 Qd8 29. Be6+ Kb8 30. d5 Re8 31. dxc6 d2 32. c7+ Kxc7 33. Bd4 Kb8 34. Rd1 Nc6 35. Rxd2 Qh4 36. Bf2 Qf4 37. Rd7 Nd8 38. Bd5 Ka8 39. Rxd8+ 1-0

[Event "IND-ch 59th"]
[Site "New Delhi"]
[Date "2022.12.27"]
[Round "6"]
[White "Nambiar, Vivek"]
[Black "Bapat, Aniket"]
[Result "0-1"]
[WhiteElo "1969"]
[BlackElo "1720"]
[PlyCount "100"]
[EventDate "2022.12.22"]
[EventType "swiss"]
[EventRounds "13"]
[EventCountry "IND"]
[SourceTitle "CBM 211 Extra"]
[Source "ChessBase"]
[SourceDate "2023.01.31"]
[SourceVersion "1"]
[SourceVersionDate "2023.01.31"]
[SourceQuality "1"]

1. Nf3 Nf6 2. c4 g6 3. Nc3 Bg7 4. d4 c5 5. e3 0-0 6. Be2 cxd4 7. exd4 d5 8. 0-0 Nc6 9. h3 Bf5 10. c5 Ne4 11. Bf4 g5 12. Bh2 e6 13. Nb5 h5 14. Ne5 Nxe5 15. Bxe5 Bxe5 16. dxe5 Nxc5 17. Bxh5 Nd3 18. Nd6 Bh7 19. Qd2 Nxe5 20. Nxb7 Qb6 21. Na5 f6 22. Nb3 Rac8 23. Rac1 Nd3 24. Rc3 Rxc3 25. Qxc3 e5 26. Bg4 d4 27. Qd2 Qb4 28. Qxb4 Nxb4 29. Be6+ Kh8 30. Rc1 Bg8 31. Bxg8 Kxg8 32. a3 Nd3 33. Rc7 Rb8 34. Nd2 Rxb2 35. Ne4 f5 36. Nf6+ Kf8 37. Nh7+ Ke8 38. Nxg5 Rb1+ 39. Kh2 Nxf2 40. Kg3 d3 41. Rc5 d2 42. Rxe5+ Kf8 43. Rxf5+ Kg8 44. Rxf2 d1Q 45. h4 Qe1 46. Nf3 Rb3 47. a4 a5 48. h5 Ra3 49. h6 Rb3 50. h7+ Kh8 0-1

[Event "IND-ch 59th"]
[Site "New Delhi"]
[Date "2022.12.24"]
[Round "3"]
[White "Bapat, Aniket"]
[Black "Sahib, Singh"]
[Result "0-1"]
[WhiteElo "1720"]
[BlackElo "2034"]
[PlyCount "112"]
[EventDate "2022.12.22"]
[EventType "swiss"]
[EventRounds "13"]
[EventCountry "IND"]
[SourceTitle "CBM 211 Extra"]
[Source "ChessBase"]
[SourceDate "2023.01.31"]
[SourceVersion "1"]
[SourceVersionDate "2023.01.31"]
[SourceQuality "1"]

1. d4 d5 2. c4 e6 3. Nf3 c6 4. g3 dxc4 5. Bg2 b5 6. 0-0 Bb7 7. Ne5 Nf6 8. a4 a6 9. b3 cxb3 10. Qxb3 b4 11. a5 Nd5 12. e4 Nf6 13. Rd1 Nbd7 14. Bd2 c5 15. Nxd7 Qxd7 16. dxc5 Bxc5 17. Be3 Qe7 18. Qa4+ Kf8 19. Bg5 Bxf2+ 20. Kh1 Qc5 21. Bxf6 gxf6 22. Nd2 Kg7 23. Rac1 Qe7 24. Nb3 Rhd8 25. Rf1 Be3 26. Rce1 Rd3 27. Nc1 Ra3 28. Qd1 Bxc1 29. Qxc1 Rxa5 30. h4 Rc8 31. Qd1 Ra2 32. Re2 Rxe2 33. Qxe2 Rc3 34. Kh2 b3 35. Qg4+ Kh8 36. h5 h6 37. Qh4 b2 38. Rxf6 Rc7 39. Qf4 b1Q 40. Qxh6+ Kg8 41. Qg5+ Kf8 42. h6 Qb2 43. Qg7+ Ke8 44. h7 Bxe4 45. h8Q+ Kd7 46. Rf2 Qxf2 47. Qd4+ Qxd4 48. Qxd4+ Bd5 49. Bxd5 exd5 50. Qxd5+ Ke8 51. Qa8+ Qd8 52. Qxa6 Rc2+ 53. Kh3 Qd7+ 54. g4 Rc3+ 55. Kh4 Qe7+ 56. Kh5 Rh3# 0-1

[Event "IND-ch 59th"]
[Site "New Delhi"]
[Date "2022.12.22"]
[Round "1"]
[White "Bapat, Aniket"]
[Black "Sahoo, Utkal Ranjan"]
[Result "0-1"]
[WhiteElo "1720"]
[BlackElo "2333"]
[PlyCount "134"]
[EventDate "2022.12.22"]
[EventType "swiss"]
[EventRounds "13"]
[EventCountry "IND"]
[SourceTitle "CBM 211 Extra"]
[Source "ChessBase"]
[SourceDate "2023.01.31"]
[SourceVersion "1"]
[SourceVersionDate "2023.01.31"]
[SourceQuality "1"]

1. e4 e5 2. f4 exf4 3. Nf3 Nf6 4. e5 Nh5 5. d4 d5 6. Bd3 Be6 7. Nc3 g5 8. h4 h6 9. hxg5 hxg5 10. g3 fxg3 11. Nxg5 g2 12. Rg1 Nc6 13. Rxg2 Ng7 14. Be3 Rh1+ 15. Bf1 Nf5 16. Qd2 Nxe3 17. Qxe3 Qe7 18. 0-0-0 Bh6 19. Kb1 0-0-0 20. Be2 Rxd1+ 21. Bxd1 Bxg5 22. Rxg5 Nxd4 23. Rh5 Nc6 24. Qg3 a6 25. Ne2 Kb8 26. Nc1 Qb4 27. Qe3 Rg8 28. Nd3 Qe4 29. Qf2 Qd4 30. Qxd4 Nxd4 31. c3 Nf5 32. Bb3 c6 33. a4 Ng3 34. Rh6 Bf5 35. Bc2 Ne4 36. Rh2 a5 37. Ka2 Kc7 38. Nc1 Re8 39. Nb3 Kb6 40. Nd4 Bg6 41. Bxe4 dxe4 42. e6 fxe6 43. Re2 Kc5 44. Nb3+ Kb6 45. Nd2 e5 46. Nc4+ Kc7 47. Nxa5 Ra8 48. b4 b6 49. Nb3 Rxa4+ 50. Kb2 Kd6 51. Nd2 Kd5 52. Nf1 Ra8 53. Rg2 Bf7 54. Rf2 Ke6 55. Ne3 Ke7 56. Rf5 Ra2+ 57. Kc1 Ke6 58. Rg5 Re2 59. Ng4 Kd6 60. Nxe5 Bb3 61. c4 e3 62. Nd3 Bxc4 63. Rg6+ Kc7 64. Ne5 Bd5 65. Rg3 Re1+ 66. Kc2 Be4+ 67. Kc3 Rc1+ 0-1